| 000 | 00639nam a2200241 a 4500 | ||
|---|---|---|---|
| 001 | nice12345678 | ||
| 003 | IN_TiNIC | ||
| 005 | 20260116011835.0 | ||
| 008 | 050524s1924 laha grp 000 0 urd | ||
| 020 |
_a _c100 |
||
| 082 | 0 | 0 |
_a239 _bGOL4 |
| 100 | _aGoldsack, William | ||
| 245 | _aAhadis Ahl-E-Islam | ||
| 260 |
_aLahore _bPunjab Religious Booksociety _c1924 |
||
| 300 | _a132p | ||
| 500 | _aincludes index and biblioraphy | ||
| 505 | 2 | _areprinted from"the bulletin of the john rylands library 1927,V.11,No.1 | |
| 650 | _aApologetics | ||
| 700 | 1 | _aGoldsack, William | |
| 902 | _bRBA | ||
| 942 | _cBK | ||
| 999 |
_c4360 _d4360 |
||